000 00396nam a22001697a 4500
005 20160521143907.0
008 160521b xxu||||| |||| 00| 0 eng d
020 _a81-8054-561-x
041 _aeng
082 _b3833
100 _aS.P. Gupta
_9975
245 _aStatistical Methods
260 _aNew Delhi
_bSultan Chand & Sons,
300 _a1446
650 _aManagement
_9241
942 _cBK
999 _c1327
_d1327